| 000 | 01084nam a22003377a 4500 | ||
|---|---|---|---|
| 001 | BR2014005571 | ||
| 003 | BR-BrBNA | ||
| 005 | 20230928104503.0 | ||
| 007 | ta | ||
| 008 | 230509b bl.||||| |||| 00| 0 por d | ||
| 040 |
_aBR-BrBNA _bpor _cBiblioteca Nacional de Agricultura |
||
| 041 | _a(Por) | ||
| 072 | _aD50; F04 | ||
| 090 | _ D50 BR2014005571 | ||
| 100 | 1 | _aRosal, C.L. | |
| 100 | 1 | _aRamos, L.M. | |
| 100 | 1 | _aAlves, M. de L.V. | |
| 100 | 1 | _aTrombeta, N.V. | |
| 100 | 1 | _aPires, S.V. | |
| 110 | 1 |
_aMinistério da Agricultura e do Abastecimento, Brasília, DF (Brasil). Depto. de Fiscalização e Fomento da Produção Vegetal _97197 |
|
| 245 | 1 |
_aManual de serviço: inspeção e fiscalização da produção e do comércio de fertilizantes, corretivos e inoculantes _bVersão Preliminar |
|
| 260 | 3 |
_aBrasília, DF (Brasil): _c1997. |
|
| 300 | _aVp. | ||
| 500 | _a8 illus.; 43 tables | ||
| 650 | _aLEGISLAÇÃO | ||
| 650 | _aINSPEÇÃO VEGETAL | ||
| 650 | _aFERTILIZANTE | ||
| 650 | _aCORRETIVO | ||
| 909 |
_a202309 _bLucia _c55 _dLucia Elande |
||
| 942 | _cBK | ||
| 999 |
_c80188 _d80188 |
||